LDR 00383naa#a2200145#i#450# 001 EN\INFRA-M\bibl\122811 005 20260515223650.5 011 ## _a1998-0701 100 ## _a20260430b2026####ek#y0engy0150####ca 102 ## _aRU 200 1# _aAudit news _eJournal article 210 1# _aMoscow _cINFRA-M Academic Publishing LLC. _d2026 215 ## _a3 с. 608 ## _aJournal article _2local 856 4# _anaukaru.ru _u